000 00299nam a22001337a 4500
007 9780134335339
008 171027b xxu||||| |||| 00| 0 eng d
041 _aeng
080 _a336
100 _a55
101 _aMEN
245 _aCORPORATE FINANCIAL MANAGEMENT
_cEMERY.D.R
942 _2udc
_cBK
999 _c36059
_d36059